000 01471cam a22004094i 4500
003 PE-LiUPU
005 20250731173210.0
008 150625s1978 pau r 000 0 eng d
035 _a(Sirsi) a31954
040 _aPE-LiUPU
_bspa
_cPE-LiUPU
_erda
049 _aPRUA
082 0 4 _a220.63
_bP28
_221
100 1 _aPatee, Daniel,
_eautor.
245 1 0 _aStructural Exegesis: From Theory to Practice /
_cDaniel Patee.
264 1 _aphiladelphia :
_bFortress press,
_c1978.
300 _a134 páginas ;
_c23 centímetros
336 _atext
_2rdacontent
337 _aunmediated
_2rdamedia
338 _avolume
_2rdacarrier
505 0 _aA specific goal for structural exegesis -- From semiotic to a structuralist Method -- Structural exegesis of mark 15 and 16 -- Conditions for a legitime hermeneutic.
526 _aSEG42
526 _aSEG41
526 _aSEG40
526 _aSEG39
526 _aP94
526 _aP87
526 _aP86
526 _aP85
526 _aP77
526 _aP76
526 _aP35
942 _2ddc
_cBOOK
949 _a220.63 P28
_wDEWEY
_c1
_i37943
_lCCODEBUL1
_mBUL
_p00.00
_r0
_sY
_tBOOK
_u2015-06-25
_xBIBLIOTECA
_zUNKNOWN
_0COMPRA
_o.STAFF. Colección General
596 _a1
999 _a220.63 P28
_wDEWEY
_c39559
_i37943
_d39559
_e2020-1-9
_f2021-11-11
_g5
_lCCODEBUL1
_mBUL
_n2
_p19.27
_q2
_r0
_sY
_tBOOK
_u2015-6-25
_xTEOLOGIA
_PP35
_0COMPRA
_o.STAFF. Colección Teología
980 _81
_gALBERTO SANCHEZ Responsable de Automatización